000 00394nam a22001697a 4500
005 20160627105755.0
008 160627b xxu||||| |||| 00| 0 eng d
020 _a0-7493-0723-4
041 _aeng
082 _b10415
100 _aCar negie, Dale
_92872
245 _aStop Warrying and Start Living
260 _bNermilan
_c2004
300 _a293
650 _aManagement
_9241
942 _cBK
999 _c4165
_d4164